The Waite Group's Turbo C programming for the PC (Record no. 10331)
[ view plain ]
| 000 -LEADER | |
|---|---|
| fixed length control field | 00581 a2200193 4500 |
| 020 ## - INTERNATIONAL STANDARD BOOK NUMBER | |
| International Standard Book Number | 067222660X |
| 082 ## - DEWEY DECIMAL CLASSIFICATION NUMBER | |
| Classification number | 005.133 |
| 090 ## - LOCALLY ASSIGNED LC-TYPE CALL NUMBER (OCLC); LOCAL CALL NUMBER (RLIN) | |
| -- | 6500 |
| -- | 6500 |
| 100 10 - MAIN ENTRY--PERSONAL NAME | |
| Personal name | Lafore, Robert |
| 245 14 - TITLE STATEMENT | |
| Title | The Waite Group's Turbo C programming for the PC |
| Statement of responsibility, etc. | / Robert Lafore. |
| 260 0# - PUBLICATION, DISTRIBUTION, ETC. | |
| Place of publication, distribution, etc. | Indianapolis, Ind. |
| Name of publisher, distributor, etc. | : H.W. Sams & Co. |
| Date of publication, distribution, etc. | , [1988], c1989. |
| 300 ## - PHYSICAL DESCRIPTION | |
| Extent | xx, 696 p. |
| Other physical details | : ill. |
| Dimensions | ; 25 cm. |
| 500 ## - GENERAL NOTE | |
| General note | Includes index. |
| 650 #0 - SUBJECT ADDED ENTRY--TOPICAL TERM | |
| Topical term or geographic name entry element | IBM microcomputers |
| General subdivision | Programming. |
| 650 #0 - SUBJECT ADDED ENTRY--TOPICAL TERM | |
| Topical term or geographic name entry element | C (Computer program language) |
| 700 11 - ADDED ENTRY--PERSONAL NAME | |
| Personal name | Lafore, Robert |
| 710 20 - ADDED ENTRY--CORPORATE NAME | |
| Corporate name or jurisdiction name as entry element | Waite Group. |
| 942 ## - ADDED ENTRY ELEMENTS (KOHA) | |
| Koha item type | Book |
| Call number prefix | 005.133 LAF |
| Withdrawn status | Lost status | Damaged status | Not for loan | Permanent Location | Current Location | Shelving location | Date acquired | Total Checkouts | Full call number | Barcode | Date last seen | Date last checked out | Price effective from | Koha item type | Collection code | Source of acquisition |
|---|---|---|---|---|---|---|---|---|---|---|---|---|---|---|---|---|
| Central Library (CL) | Central Library (CL) | First Floor - Software Engineering/ Programming Language | 11/13/2023 | 2 | 005.133 LAF | SEECSD00104 | 03/15/2024 | 11/13/2023 | 11/14/2012 | Book | ||||||
| Central Library (CL) | Central Library (CL) | First Floor - Software Engineering/ Programming Language | 06/10/2015 | 2 | 005.133 LAF | SEECSD01105 | 12/23/2015 | 11/20/2015 | 06/08/2015 | Book | Donation |
